| 000 | 00736nam a22002297a 4500 | ||
|---|---|---|---|
| 999 |
_c7129 _d7129 |
||
| 003 | AR-CdUCM | ||
| 008 | 190320b ||||| |||| 00| 0 spa d | ||
| 040 |
_aMUNICIPALIDAD PROVINCIAL DEL CUSCO _cBIBLIOTECA MUNICIPAL DEL CUSCO |
||
| 041 | _hfr | ||
| 082 |
_a301 / _bL16 |
||
| 100 |
_aLafargue, Paul. _920099 |
||
| 245 | _aEl derecho a la pereza / | ||
| 260 |
_aMéxico : _bEditorial Grijalbo, _c1970. |
||
| 300 |
_a159 páginas ; _c17 cm. |
||
| 440 |
_aColección 70. _n99 _920100 |
||
| 505 | _aContenido: El mito de Prometeo -- El ideal socialista -- La jornada legal de trabajo -- Augusto Bebel. | ||
| 650 |
_aSosiología _920101 |
||
| 650 |
_aHumanidades _9641 |
||
| 650 |
_aDerecho _9739 |
||
| 942 |
_2ddc _cLIBROS |
||
| 945 | _adavv | ||